Investigations on Wilt Disease of Pea (Pisum sativum f.) Caused by Fusarium oxysporum f. sp. pisi (Linf) Snyder and Hansen. (Record no. 49748)

MARC details
000 -LEADER
fixed length control field 00571nam a22002057a 4500
003 - CONTROL NUMBER IDENTIFIER
control field OSt
008 - FIXED-LENGTH DATA ELEMENTS--GENERAL INFORMATION
fixed length control field 251230b |||||||| |||| 00| 0 eng d
082 ## - DEWEY DECIMAL CLASSIFICATION NUMBER
Classification number 632.4
Item number N70I
100 ## - MAIN ENTRY--PERSONAL NAME
Personal name Nongkynrih, H. R.
245 ## - TITLE STATEMENT
Title Investigations on Wilt Disease of Pea (Pisum sativum f.) Caused by Fusarium oxysporum f. sp. pisi (Linf) Snyder and Hansen.
260 ## - PUBLICATION, DISTRIBUTION, ETC. (IMPRINT)
Place of publication, distribution, etc .- Pusa, Samastipur
Name of publisher, distributor, etc : RAU
Date of publication, distribution, etc , 1980
300 ## - PHYSICAL DESCRIPTION
Extent 69p.
502 ## - DISSERTATION NOTE
Degree type M. Sc.
650 ## - SUBJECT ADDED ENTRY--TOPICAL TERM
Topical term or geographic name as entry element Plant Pathology
650 ## - SUBJECT ADDED ENTRY--TOPICAL TERM
Topical term or geographic name as entry element Pea
650 ## - SUBJECT ADDED ENTRY--TOPICAL TERM
Topical term or geographic name as entry element Wilt Disease
650 ## - SUBJECT ADDED ENTRY--TOPICAL TERM
Topical term or geographic name as entry element Thesis
650 ## - SUBJECT ADDED ENTRY--TOPICAL TERM
Topical term or geographic name as entry element M. Sc.
942 ## - ADDED ENTRY ELEMENTS (KOHA)
Source of classification or shelving scheme
Koha item type Thesis
Holdings
Withdrawn status Lost status Source of classification or shelving scheme Damaged status Not for loan Home library Current library Date acquired Total Checkouts Full call number Barcode Date last seen Bill Date Koha item type
          Dr. Rajendra Prasad Central Agricultural University Pusa, Dr. Rajendra Prasad Central Agricultural University Pusa, 30/12/2025   632.4 N70I 31542 30/12/2025 30/12/2025 Thesis
Hosted, Implemented, Customized & Maintained by: BestBookBuddies

Powered by Koha